WWE - Randy Savage's PPV Opponents - Statistics

General Stats
  • This quiz has been taken 342 times
  • The average score is 27 of 41
Answer Stats
Year Event Match Type Answer % Correct
1989 WrestleMania V Hulk Hogan
98%
1989 SummerSlam Tag Team Match Hulk Hogan
98%
1992 WrestleMania VIII Ric Flair
93%
1992 Survivor Series Ric Flair
93%
1992 Survivor Series Tag Team Match Ric Flair
93%
1991 WrestleMania VII Retirement Match The Ultimate Warrior
92%
1992 SummerSlam The Ultimate Warrior
92%
1988 SummerSlam Tag Team Match Andre the Giant
91%
1988 WrestleMania IV Tournament Finals Ted DiBiase
91%
1988 SummerSlam Tag Team Match Ted DiBiase
91%
1988 Survivor Series 5 vs. 5 Elimination Match Ted DiBiase
91%
1987 WrestleMania III Ricky Steamboat
88%
1989 Survivor Series 4 vs. 4 Elimination Match Bret Hart
82%
1991 This Tuesday in Texas Jake Roberts
82%
1990 WrestleMania VI Mixed Tag Team Match Dusty Rhodes
77%
1990 SummerSlam Dusty Rhodes
77%
1992 Survivor Series Tag Team Match Razor Ramon
74%
1994 WrestleMania X Falls Count Anywhere Match Crush
71%
1989 SummerSlam Tag Team Match Brutus Beefcake
69%
1993 Survivor Series 4 vs. 4 Elimination Match Diesel
64%
1988 WrestleMania IV Tournament Quarter-Finals Greg Valentine
61%
1987 Survivor Series 5 vs. 5 Elimination Match The Honky Tonk Man
61%
1986 WrestleMania II George Steele
60%
1990 WrestleMania VI Mixed Tag Team Match Sapphire
60%
1988 Survivor Series 5 vs. 5 Elimination Match The Big Boss Man
59%
1993 Survivor Series 4 vs. 4 Elimination Match Rick Martel
55%
1988 Survivor Series 5 vs. 5 Elimination Match Haku
53%
1993 Survivor Series 4 vs. 4 Elimination Match Irwin R. Schyster
53%
1988 WrestleMania IV Tournament Semi-Finals One Man Gang
53%
1988 Survivor Series 5 vs. 5 Elimination Match Akeem
49%
1989 Survivor Series 4 vs. 4 Elimination Match Hacksaw Jim Duggan
49%
1985 The Wrestling Classic The Junkyard Dog
49%
1987 Survivor Series 5 vs. 5 Elimination Match Hercules
45%
1989 Survivor Series 4 vs. 4 Elimination Match Hercules
45%
1988 WrestleMania IV Tournament First Round Match Butch Reed
44%
1988 Survivor Series 5 vs. 5 Elimination Match The Red Rooster
39%
1987 Survivor Series 5 vs. 5 Elimination Match Harley Race
38%
1993 Survivor Series 4 vs. 4 Elimination Match Adam Bomb
33%
1989 Survivor Series 4 vs. 4 Elimination Match Ronnie Garvin
31%
1987 Survivor Series 5 vs. 5 Elimination Match Ron Bass
29%
1987 Survivor Series 5 vs. 5 Elimination Match Danny Davis
28%
No matching quizzes found
Score Distribution
Percent of People with Each Score
Percentile by Number Answered
Your Score History
You have not taken this quiz